000 00641nam a22002057a 4500
003 OSt
005 20251210060901.0
008 251210b |||||||| |||| 00| 0 eng d
020 _a9718581472
040 _aDWCL - Main
_cOC
082 _aFil. 338.2 So68m 2003
100 _aSoriano, Oscar G.
_eAuthor
245 _aManual on human behavior and crisis management /
_cOscar G. Soriano
260 _aQuezon City, Philippines:
_bGreat Books Trading,
_cc2003
300 _aix, 177 p.;
_c22 cm.
650 _a1. Crisis management -- Crimes.
650 _a2. Terrorism
700 _aI. Bhagwani, Ernie T.
_eEditor
942 _2ddc
_cBK - FIL
_n0
999 _c7023
_d7023